000 00522nam a2200205Ia 4500
008 170203s9999 xx 000 0 und d
020 _a962878496x
050 _a413
050 _bM167 2004
245 _aMacmillan English dictionary /
260 _aNew York :
260 _bMacmillan Educational Corporation.
260 _c2004
300 _axiv, 1692 pages :
300 _billustrations ;
300 _c24 cm.
650 _aEnglish language --
650 _aEnglish language.
650 _xDictionaries.
999 _c305710
_d305710